000 00901nas a2200301 4500
001 BR0810036
003 BR-BrBNA
005 20231205112916.0
007 ta
008 230509b bl.|||p| |||| 00| 00por d
040 _aBR-BrBNA
_bpor
_cBiblioteca Nacional de Agricultura
041 _a(Pt)
072 _aH20
100 1 _aKretzschmar, A.A.
100 1 _aMarodin, G.A.B.
100 1 _aDuarte, V.
100 1 _aValdenito-Sanhueza, R.M.
100 1 _aGuerra, D.S.
245 1 _aEfeito de fitorreguladores sobre a incidência de podridão carpelar em maçãs Fuji
650 _aMAÇÃ
650 _aDOENÇA DE PLANTA
650 _aFUNGO
650 _aPODRIDÃO
650 _aRIO GRANDE DO SUL
773 0 _tRevista Brasileira de Fruticultura (Brazil)
_xISSN 0100 2945
_g(Dec 2007), v. 29(3) p. 414-419
_wBR0810036
909 _a202311
_bLúcia
_c55
_dLúcia Elande
942 _2AGRIS
_n0
_cANA
999 _c200731
_d200731